000 00614nam a2200205 a 4500
005 20210223125946.0
008 060608s1996 mx r 000 0 spa d
020 _a9507245987
035 _aUPN01000145273
049 _aI
050 4 _aQL83.2
_bG4.7
100 1 _aGentile, Georgina
_936756
245 1 1 _a¡Queremos sobrevivir! :
_banimales en peligro /
_cGeorgina Gentile, Inge Thiel.
260 _aBuenos Aires :
_bLumen,
_cc1996.
300 _a24 p. :
_bil. col.
440 3 _aUn despertar a la ciencia
650 4 _aVIDA SALVAJE, CONSERVACION DE LA
700 1 _aThiel, Inge,
_ecoaut.
905 _aInfantil
999 _c117419
_d117419